Guess the 1960s song lyrics #356 - Statistics

General Stats
  • This quiz has been taken 33 times
  • The average score is 112 of 204
Answer Stats
Answer % Correct
I
100%
a
96%
A
96%
You
96%
you
96%
o
93%
the
93%
to
93%
n
89%
your
89%
go
86%
in
86%
it
86%
when
86%
and
79%
And
79%
you're
75%
as
68%
is
68%
of
68%
then
68%
want
68%
Now
64%
what
64%
will
64%
Just
61%
see
61%
this
61%
girl
54%
like
54%
feel
50%
get
50%
mine
50%
need
50%
way
50%
gone
46%
won't
46%
You'll
46%
come
43%
little
43%
Little
43%
more
43%
make
39%
right
39%
bit
36%
life
36%
said
36%
with
36%
about
32%
feelin
32%
put
32%
really
32%
cause
29%
remember
29%
two
29%
broke
25%
cryin
25%
soul
25%
through
25%
ain't
21%
song
21%
yeah
21%
gotta
18%
low
18%
roll
18%
tryin
18%
fish
14%
lot
14%
mess
14%
Music Explosion
14%
nobody
14%
rock
14%
bite
11%
goal
11%
movin
11%
reach
11%
starts
11%
groovin
7%
kicks
7%
kneel
7%
party
7%
pray
7%
raise
7%
roof
7%
falls
4%
litlte
0%
No matching quizzes found
Score Distribution
Percent of People with Each Score
Percentile by Number Answered
Your Score History
You have not taken this quiz